[Event "Rostov on Don op"]
[Site "Rostov on Don"]
[Date "1993.??.??"]
[Round "?"]
[White "Moskalenko, Viktor"]
[Black "Yakovich, Yuri"]
[Result "0-1"]
[WhiteElo "2555"]
[BlackElo "2510"]
[Annotator "Chekhov,V"]
[PlyCount "94"]
[EventDate "1993.05.??"]
[EventType "swiss"]
[EventRounds "9"]
[EventCountry "RUS"]
[SourceTitle "CBM 036"]
[Source "ChessBase"]
[SourceDate "1993.10.01"]
[SourceVersion "1"]
[SourceVersionDate "1993.10.01"]
[SourceQuality "1"]

1. d4 d5 2. c4 dxc4 3. e3 Nf6 4. Bxc4 e6 5. Nf3 c5 6. Qe2 a6 7. dxc5 Bxc5 8.
O-O b5 (8... Nc6 $5 9. e4 (9. Nbd2 O-O 10. a3 Nd5 $1 11. Ne4 Be7 12. b4 b5 13.
Bd3 f5 $1 14. Ng3 Bf6 15. Bb2 Bxb2 16. Qxb2 Nxe3 17. Bxb5 axb5 18. fxe3 Qf6
$132 {Lautier,J-Dorfman,I Barselona 1992/}) 9... Qc7 10. e5 Ng4 (10... Nd7 11.
Bf4 Nd4 12. Nxd4 Bxd4 13. Rd1 $1 Bxb2 14. Qxb2 Qxc4 15. Rd4 Qb5 16. Qd2 $1 O-O
17. Na3 $16 {Wolff,P-Rachels,S USA 1992 Inf 56/436/}) 11. Bf4 f6 12. Nbd2 Ngxe5
13. Nxe5 fxe5 14. Bg3 O-O 15. Nf3 Nd4 16. Nxd4 Bxd4 17. Rac1 Qa5 $132 {Stohl,
I-Mikhalchishin,A Dortmund 1992 Inf 55/394/}) (8... Qc7 $5 9. e4 (9. Nbd2 Nc6
10. a3 b5 11. Bd3 Ne5 12. Nxe5 Qxe5 13. Nf3 Qh5 14. a4 Bb4 15. e4 Bb7 16. h3
O-O 17. Bf4 $14 {Timman,J-Huebner,R Tilburg 1987 Inf 44/468/}) 9... Ng4 $5 10.
Bg5 Nc6 11. Nbd2 Bd6 12. h3 h6 13. Bh4 Nge5 $10 {Farago,I-Polgar,Z HUN 1991/})
9. Bd3 Nc6 10. Nc3 (10. e4 Nb4 $10) 10... Bb7 11. e4 Nd4 $5 $146 (11... Nd7 $6
12. Rd1 Qc7 13. Bg5 $1 O-O 14. Rac1 $16 {Korchnoi,V-Huebner,R Merano 1980 Inf
30/498/}) (11... Qb6 $5) 12. Nxd4 Bxd4 13. Bg5 e5 (13... Qb6 $5) 14. a4 bxa4 (
14... b4 15. Nd5 Bxd5 16. exd5 $14) 15. Rxa4 Qb6 (15... O-O 16. Bxa6) 16. Bxf6
$1 Qxf6 17. Bb5+ $16 Ke7 (17... axb5 18. Qxb5+ Qc6 19. Rxa8+ Bxa8 20. Qb8+ $18)
18. Nd5+ Bxd5 19. exd5 axb5 20. Rxd4 Rhd8 21. Rfd1 Ra4 $6 (21... Kf8 $5 22. Re4
$14) 22. R4d2 Rb4 23. d6+ Kf8 24. d7 Rd4 $5 25. Rxd4 exd4 26. Qxb5 Qd6 27. Qd3
Qxd7 28. Qxh7 f6 (28... d3 29. Qh8+ Ke7 30. Qxg7 d2 31. h4 $18) 29. Rd3 Qc7 30.
h4 Qc1+ 31. Kh2 Qf4+ 32. Kh3 (32. Rg3 d3 33. Qxg7+ Ke8 $132) 32... Rd5 33. Rf3
Qe5 34. Qd3 (34. b4 $5) 34... Qe6+ 35. Kh2 Qe5+ 36. g3 Qe6 37. Rf4 Qe5 38. b4
Qe1 39. b5 Qb4 40. Rxd4 $4 $138 (40. Rf5 $16) 40... Qxd4 $19 41. Qf3 Rd6 42.
Qa8+ Kf7 43. Qb7+ Rd7 44. Qf3 Qb6 45. Qh5+ Kf8 46. Qh8+ Kf7 47. Qh5+ Ke7 0-1

[Event "Interzonal-10a"]
[Site "Biel"]
[Date "1976.07.30"]
[Round "14"]
[White "Gulko, Boris F"]
[Black "Lombard, Andre"]
[Result "1-0"]
[WhiteElo "2530"]
[BlackElo "2420"]
[Annotator "ChessBase"]
[PlyCount "105"]
[EventDate "1976.07.11"]
[EventType "tourn"]
[EventRounds "19"]
[EventCountry "SUI"]
[EventCategory "12"]
[SourceTitle "IZT"]
[Source "ChessBase"]
[SourceDate "1999.07.01"]
[SourceVersion "1"]
[SourceVersionDate "1999.07.01"]
[SourceQuality "1"]

1. c4 Nf6 2. Nf3 c6 3. d4 d5 4. e3 e6 5. Bd3 dxc4 6. Bxc4 c5 7. O-O Nc6 8. Qe2
cxd4 9. Rd1 Be7 10. exd4 O-O 11. Nc3 Na5 12. Bd3 b6 13. Bg5 Bb7 14. Ne5 Rc8 15.
Rac1 Nc6 16. Bb1 (16. Ba6 $1 $14) 16... g6 17. h4 Re8 18. Qf3 Nxe5 19. Qxb7 Nc4
20. b3 Nd6 21. Qf3 Nh5 22. Qe3 Ng7 23. g4 f5 24. Bxe7 Rxe7 25. g5 Rec7 26. d5
exd5 27. Nxd5 Rxc1 28. Rxc1 Rxc1+ 29. Qxc1 Nge8 30. Bd3 h6 31. Qe3 Kf7 32. Nf4
Nc7 33. Qd4 hxg5 34. Bc4+ Ke8 35. Qh8+ Kd7 36. Qxd8+ Kxd8 37. hxg5 Nxc4 38.
bxc4 b5 39. cxb5 Nxb5 40. Nxg6 a5 41. Ne5 Ke8 42. Kg2 a4 43. Kf3 Nc3 44. a3 Nb5
45. Nc4 Kf7 46. Ke3 Kg6 47. Kf4 Nd4 48. Nb6 Nb5 49. Nxa4 Nxa3 50. Nb6 Nb5 51.
Nd5 Nd4 52. Ne7+ Kh5 53. g6 1-0

[Event "Hoogovens-B"]
[Site "Wijk aan Zee"]
[Date "1997.01.27"]
[Round "6"]
[White "Riemersma, Liafbern"]
[Black "Cifuentes Parada, Roberto"]
[Result "0-1"]
[WhiteElo "2435"]
[BlackElo "2515"]
[Annotator "Cifuentes Parada,L"]
[PlyCount "58"]
[EventDate "1997.01.21"]
[EventType "tourn"]
[EventRounds "11"]
[EventCountry "NED"]
[EventCategory "10"]
[SourceTitle "CBM 057"]
[Source "ChessBase"]
[SourceDate "1997.04.01"]
[SourceVersion "1"]
[SourceVersionDate "1997.04.01"]
[SourceQuality "1"]

1. d4 d5 2. c4 dxc4 3. e3 Nf6 4. Nf3 e6 5. Bxc4 c5 6. Qe2 cxd4 7. exd4 Be7 8.
O-O O-O 9. Nc3 Nc6 10. Rd1 Na5 $5 (10... Nd5) 11. Bd3 b6 12. Bg5 (12. Ne5 Bb7
13. Qe3 Nd5 14. Qh3 f5 15. Bb5 Qd6 16. Qg3 Rad8 $13 {Lengyel-Van Scheltinga,T/
Beverwijk 1965}) 12... Bb7 13. d5 $6 $146 {[#]} (13. Rac1 Rc8 14. Ne5 Nd5 15.
Bxe7 Qxe7 16. Nxd5 Bxd5 17. Rc3 Rxc3 (17... Qg5 $5) 18. bxc3 Rc8 19. c4 Bb7 20.
h3 $14 {Djuric,L-Mascarinas,Rico/Subotica (Yugoslavia) 1984}) (13. Ne5 Nd5 14.
Bd2 Bg5 15. Be4 Bxd2 16. Rxd2 Nxc3 17. bxc3 Bxe4 18. Qxe4 Rc8 $10 {Jelen-Barle,
/Ljubljana 1981}) 13... exd5 (13... Nxd5 14. Bxe7 Qxe7 15. Nxd5 Bxd5 16. Bxh7+
Kxh7 17. Rxd5 $14) 14. Nd4 Ne4 $1 (14... Ne4 15. Bxe7 Qxe7 16. f3 Qb4 $1 17.
Bxe4 dxe4 18. Nxe4 Bxe4 19. fxe4 Rfe8 $15) 15. Bxe4 Bxg5 16. Nf5 $1 $8 Re8 $1 (
16... Qf6 17. Nxd5 Bxd5 18. Rxd5 Rad8 19. Rad1 Rxd5 20. Rxd5 Rc8 $10 (20... Rd8
$4 21. Rxd8+ Qxd8 22. b4 $18)) 17. Qg4 h5 $1 (17... g6 18. Bxd5 Bxd5 19. Nxd5
$5 (19. Rxd5 Qf6 20. Nd6 Qe6 21. Qxe6 Rxe6 22. Nxf7 Rae8 $1 23. Rf1 Kxf7 24.
Rxg5 Nc4 $10) 19... gxf5 20. Qxf5 h6 21. f4 Bh4 22. Rac1 $44) (17... Qf6 $2 18.
Nxd5 Bxd5 19. Bxd5 Rad8 20. f4 $1 Bh6 21. Nxh6+ Qxh6 22. Qf5 $1 Qg6 23. Qxg6
hxg6 24. b4 $18) 18. Qh3 $8 (18. Qxh5 $2 g6 19. Qg4 gxf5 20. Qxf5 Qf6 21. Qh7+
Kf8 $19) (18. Qg3 Qf6 $17) 18... Re5 $1 (18... g6 $2 19. Bxd5 Bxd5 20. Rxd5 Qf6
21. Nd6 $16) 19. Bxd5 (19. Qf3 $2 dxe4 $1 20. Rxd8+ Rxd8 21. Qh3 Bc8 22. Qxh5
Rxf5 23. Nxe4 Be7 $19) 19... Bxd5 20. f4 Bxf4 21. Rxd5 (21. Nxd5 Qg5 22. Qf3
Rxf5 23. Nxf4 Re8 $17) 21... Qg5 22. Rf1 Rae8 23. Rxe5 Rxe5 (23... Bxe5 24. Qd3
Nc6 25. Qd7 Re6 26. Nd5 $132) 24. Nd6 $138 Qe7 (24... Re6 25. Nxf7 $1 Kxf7 (
25... Qc5+ 26. Kh1 Qf2 27. Nh6+ $3 {[#]} Kh8 28. Nf7+ Kg8 29. Nh6+ $10) 26. g3
Rf6 27. Qd7+ Kg8 (27... Kg6 28. Qe8+ Kh7 29. Qe4+ $10) 28. Qe8+ Rf8 29. Qe6+
Kh8 30. Nd5 Bd6 31. Qxd6 Rxf1+ 32. Kxf1 Qc1+ 33. Kg2 Qxb2+ 34. Kh3 $15) 25.
Qc8+ Kh7 26. Nce4 Nb7 $1 (26... Be3+ 27. Kh1 Bc5 $2 28. Nxf7 $1 (28. Rxf7 Qxd6
$19) 28... Rxe4 29. Qf5+ Kg8 30. Ng5 $18) 27. Qc2 g6 (27... Nxd6 $4 28. Nf6+
Kh6 29. Ng8+ $18) 28. Rxf4 Nxd6 29. Qf2 $4 (29. Nxd6 Re1+ 30. Rf1 Rxf1+ 31.
Kxf1 Qxd6 $17) 29... Rxe4 0-1

[Event "RUS-ch"]
[Site "Elista"]
[Date "1995.??.??"]
[Round "6"]
[White "Ruban, Vadim"]
[Black "Rublevsky, Sergei"]
[Result "1-0"]
[WhiteElo "2535"]
[BlackElo "2595"]
[Annotator "Dolmatov,S"]
[PlyCount "47"]
[EventDate "1995.10.??"]
[EventType "swiss"]
[EventRounds "11"]
[EventCountry "RUS"]
[SourceTitle "CBM 050"]
[Source "ChessBase"]
[SourceDate "1996.02.01"]
[SourceVersion "1"]
[SourceVersionDate "1996.02.01"]
[SourceQuality "1"]

1. d4 d5 2. c4 dxc4 3. Nf3 a6 4. e3 Nf6 5. Bxc4 e6 6. Qe2 c5 7. dxc5 Bxc5 8.
O-O (8. e4 Qc7 9. O-O Ng4 10. Nbd2 Nc6 11. Nb3 Bd6 12. h3 Nge5 $10) 8... b5 (
8... Qc7 9. Nbd2 O-O 10. a3 b5 11. Bd3 Bd6 12. b4 Bb7 13. Bb2 Nbd7 14. Rac1 Qb8
$10 {Christiansen,L-Dlugi,M/USA/1985/ Inf 40/479/}) 9. Bd3 Nc6 (9... O-O 10. e4
e5 11. a4 b4 12. Nbd2 $14) 10. Nc3 Bb7 11. Ne4 (11. e4 Nd7 12. Rd1 Qc7 13. Bg5
O-O 14. Rac1 $16 {Kortschnoj,V-Huebner,R/Merano/1980/}) 11... Be7 12. Bd2 O-O
13. Rac1 Qd5 $2 (13... Nd7 14. Rfd1 Nde5 15. Bb1) (13... Qb6 $5 14. Nfg5 Nxe4
15. Nxe4 Rfd8) 14. Nxf6+ Bxf6 15. e4 $1 Qxa2 16. e5 Be7 17. Be4 $1 (17. Qe4 g6
18. Rxc6 Rac8 19. Rxc8 Bxe4 20. Rxf8+ Bxf8 21. Bxe4 Qxb2 22. Rc1 $40) 17...
Rac8 18. Qe3 Nd8 (18... Na5 19. Ra1 (19. Bxa5 $2 Bxe4 20. Qxe4 Qxa5) (19. Bb1
$2 Qa4) 19... Qb3 (19... Qc4 20. Bd3 $18) 20. Qxb3 Nxb3 21. Bxb7 Nxa1 22. Bxc8
$18) 19. Rxc8 Bxc8 20. Qa7 $1 Re8 21. Rc1 Qa4 22. Rxc8 Qxe4 23. Qxe7 Qb1+ 24.
Be1 1-0

[Event "Krakow op 21st"]
[Site "Krakow"]
[Date "2011.01.02"]
[Round "6"]
[White "Zubov, Alexander"]
[Black "Starostits, Ilmars"]
[Result "1-0"]
[WhiteElo "2574"]
[BlackElo "2488"]
[Annotator "Friedel,F"]
[PlyCount "65"]
[EventDate "2010.12.27"]
[EventType "swiss"]
[EventRounds "9"]
[EventCountry "POL"]
[SourceTitle "CBM 140 Extra"]
[Source "ChessBase"]
[SourceDate "2011.03.01"]
[SourceVersion "1"]
[SourceVersionDate "2011.03.01"]
[SourceQuality "1"]

1. d4 d5 2. c4 dxc4 3. e3 c5 4. Bxc4 cxd4 $5 5. exd4 ({If} 5. Nf3 {he can play}
Qc7 $1 6. Qxd4 Nc6 {and it is difficult to find an edge for White.}) 5... Nf6
6. Nf3 e6 7. O-O Be7 8. Nc3 O-O 9. Bg5 a6 $5 {My opponent chooses a tricky
move order by delaying the customary Nc6. The point is that after 10.Re1 he
can play 10...b5 11.Bb3 Bb7 - his bishop is not hidden behind the knight and
Black has a good control over d5. Hence I played} 10. Bb3 ({The alternative was
} 10. a4 {However, I did not want to weaken the b4 spot, which could be
exploited by Nc6-b4.}) 10... b5 $6 {#} ({Black is consistent, but safer was} 
10... Nc6 {transposing to a theoretical position. After} 11. Qd2 {Black can
play 11.. .b5 or 11...Nc6. The latter was seen in a well-known game
Kramnik-Anand, Dortmund 2001. After the text I sank into thought and came up
with an inspired idea.}) 11. d5 $1 b4 ({If} 11... exd5 {then} 12. Nxd5 Nxd5 13.
Qxd5 Qxd5 14. Bxd5 Ra7 15. Bxe7 Rxe7 16. Rfe1 {and White has a slight
advantage.}) ({On} 11... Nxd5 {I intended} 12. Bxd5 exd5 13. Bxe7 Qxe7 14. Nxd5
{and assessed that my position would be better after something like} Qd8 15.
Re1 Be6 16. Nf4 Qxd1 17. Rexd1 Bg4 18. Rac1 Nd7 19. Nd5) 12. Na4 exd5 ({After} 
12... Nxd5 {I calculated lines like} 13. Bxd5 exd5 14. Bxe7 Qxe7 15. Nb6 Ra7
16. Nxd5 {and White is clearly better, e.g.} Qd6 17. Re1 Kh8 (17... Rd8 {
is refuted by} 18. Ne7+ $1 {and White wins material or gives the back rank
mate.}) 18. Ne5 Be6 19. Nf4 Qxd1 20. Rexd1 {I assessed that Black's position
would be difficult to defend.}) 13. Nd4 $5 {This is the point - I do not want
to recapture the pawn. Instead, I want to take advantage of my lead in
development and active pieces. During the game my opponent thought I should
have played 13.Bxf6 Bxf6 14.Qxd5 Qxd5 15. Bxd5 with equal position. What
should he do after 13.Nd4? 13...Nbd7? runs into 14.Nc6 and 13...Gb7 is met by
14.Nf5.} Qd6 {Threatenning 14...Ng4.} 14. Re1 $1 {Simple and strong. If 14...
Ng4 I play 15.Rxe7 and after 15...Qxh2+ my king has a free square on f1. That
is why he opted for} Bd8 15. g3 $1 {#Defuses the re-established 15...Ng4
threat and creates the possibility Bf4.} Nc6 $4 {Losing blunder, but it is
already difficult to find a good move.} ({After} 15... Nbd7 $4 {I play} 16. Bf4
{and his queen is trapped.}) ({He could consider something like} 15... Ne4 {
, but after} 16. Bf4 Qd7 17. f3 Nf6 {White has more than compensation for the
pawn.}) 16. Bxf6 Bxf6 17. Nxc6 d4 {Now I am a piece up, but} (17... Qxc6 {
would be even worse after} 18. Bxd5 Qb5 19. Bxa8) 18. Na5 d3 {He could still
have some hopes due to the d-pawn and the uncomfortable position of White
knights. I solved both problems with ease.} 19. Qf3 Rb8 20. Rad1 Qc7 21. Nc6
Bb7 22. Bd5 Bxc6 23. Bxc6 Rbd8 24. Be4 d2 {#} 25. Re2 Qc1 26. Rexd2 Qxd2 27.
Rxd2 Rxd2 28. Qf5 Rfd8 29. Qxh7+ Kf8 30. Qh8+ Ke7 31. Qh5 R8d6 (31... Bd4 {
is duly met by} 32. Qg5+ {and 33.Qxd2}) 32. Nc5 g5 33. Bd3 1-0

[Event "Hoogovens"]
[Site "Wijk aan Zee"]
[Date "1996.01.14"]
[Round "2"]
[White "Sokolov, Ivan"]
[Black "Van Wely, Loek"]
[Result "1-0"]
[WhiteElo "2665"]
[BlackElo "2570"]
[Annotator "Ftacnik,L"]
[PlyCount "53"]
[EventDate "1996.01.13"]
[EventType "tourn"]
[EventRounds "13"]
[EventCountry "NED"]
[EventCategory "17"]
[SourceTitle "CBM 051"]
[Source "ChessBase"]
[SourceDate "1996.04.01"]
[SourceVersion "1"]
[SourceVersionDate "1996.04.01"]
[SourceQuality "1"]

1. d4 d5 2. c4 dxc4 3. e3 Nf6 4. Bxc4 e6 5. Nf3 c5 6. Qe2 a6 7. dxc5 Bxc5 8.
O-O Nbd7 9. e4 b5 10. Bd3 Bb7 11. a4 bxa4 (11... b4 12. Nbd2 Be7 (12... Ng4 13.
Nc4 Qb8 14. h3 h5 15. Bd2 g5 16. Bxg5 Rg8 17. Bh4 Qf4 18. Kh1 Ngf6 19. Bg3 Rxg3
20. fxg3 Qxg3 21. Na5 Ng4 22. Nxb7 Nf2+ 23. Rxf2 Bxf2 24. Rf1 Bb6 25. e5 {
1-0 Yakovich,Y-Bus,M/Pardubice op (02)/1994/}) 13. e5 (13. Nb3 Ng4 (13... a5
14. Bf4 Nh5 15. Be3 O-O 16. Nfd2 Nhf6 17. f3 Ne5 18. Bb5 Qb8 19. Rfd1 Rc8 20.
Rac1 Bc6 21. Bxc6 Rxc6 22. Rxc6 Nxc6 23. Nc4 {1-0 Malaniuk,V-Yakovich,Y/
URS-ch53 Kiev/1986/ (47)}) 14. Bf4 h5 15. Rac1 e5 16. Bd2 O-O 17. Rfd1 Qb8 18.
a5 Rc8 19. h3 Rxc1 20. Rxc1 Ngf6 21. Ng5 Qd6 22. Rc4 Nf8 23. Bxb4 {1-0
Malaniuk,V-Murshed,N/Palma de Mallorca GMA (02) ;TD 89\13 1989 (33)}) 13... Nd5
14. Ne4 Qb8 15. Ng3 h5 16. h4 Nc5 17. Ne4 Nxd3 18. Qxd3 Qc7 19. Bg5 f6 20. Rfc1
Qd8 21. exf6 gxf6 22. Bd2 {1-0 Malich,B-Fischer,I/Leipzig 24/505 1977 (32)}) (
11... Ba7 12. b4 bxa4 13. Rxa4 O-O 14. Nbd2 Qc7 15. Bb2 Nh5 16. Rc1 Qb8 17. g3
f5 18. exf5 Bd5 19. Ne5 Nc5 20. Rxc5 Bxc5 21. Qxh5 Ra7 22. Ng4 {1-0 Tisdall,
J-Rantanen,Y/Osterskars op (03)/1995/}) 12. Nc3 (12. Rxa4 Bd6 13. Nbd2 Nc5 14.
Ra3 Be7 15. Bb1 a5 16. Rd1 Ba6 17. Nc4 Qc7 18. Qc2 Bb7 19. e5 Be4 20. Qe2 Bxb1
21. exf6 gxf6 22. Be3 Bg6 {1/2-1/2 Ruban,V-Yakovich,Y/Kursk/1987/ (42)}) 12...
O-O (12... a3 13. bxa3 O-O 14. Rb1 Bc6 15. Bf4 Qa5 16. Rfc1 e5 17. Bd2 Rfb8 18.
Nd5 Qd8 19. Bb4 Bxd5 20. exd5 Bxb4 21. axb4 e4 22. Bxe4 Nxe4 23. Qxe4 Nf6 24.
Qe5 {1/2-1/2 Bagaturov,G-Brunner,L/Biel izt (03)/1993/}) 13. Rxa4 {White
entertains somewhat better prospects, since his R is very active and with Bd3
it can mount quick attack against the black's kingside.} a5 (13... Qb6 14. e5
Bxf3 15. gxf3 Nd5 16. Rxa6 Rxa6 17. Bxa6 $14) 14. e5 Bxf3 (14... Nd5 15. Ng5 g6
16. Nxh7 $1 Nxc3 17. bxc3 $40) 15. gxf3 (15. Qxf3 $4 Nxe5 $19) 15... Nd5 16.
Nxd5 (16. Qe4 g6 17. Nxd5 $2 exd5 18. Qxd5 Nb6 $1 $17) 16... exd5 17. Rg4 Re8 (
17... g6 18. f4 $14) 18. f4 g6 19. Qf3 Rb8 20. Bb1 (20. Qxd5 $2 Nxe5 $1 21.
Qxd8 Rbxd8 22. fxe5 Rxd3 $17) 20... Rb4 21. Rg3 (21. Qxd5 Nxe5 22. Qxd8 Rxd8)
21... Nf8 22. Rd1 Ne6 $2 {Provocative to the limits, Van Wely feels his
position beeing ripe for the real counterplay.} (22... d4 23. b3 $14) 23. f5 $1
(23. Qxd5 Qxd5 24. Rxd5 Rc8 25. Rc3 Bxf2+ 26. Kxf2 Rxc3 27. bxc3 Rxb1 28. Ba3
$14) 23... Nd4 24. Rxd4 (24. Qe3 Qb6 $17) 24... Bxd4 (24... Rxd4 25. fxg6 fxg6
26. Bxg6 Rf8 27. Bf7+ Kh8 28. Bh6 $18) 25. fxg6 {Disaster have already struck
snce black K is suddenly without defenders.} f6 (25... hxg6 26. Bxg6 $18) 26.
Qh5 Rb7 27. g7 $1 (27. g7 $1 Bxf2+ 28. Kf1 f5 29. Bxf5 h6 30. Bh7+ Kxh7 31.
g8=Q+ Rxg8 32. Qxh6#) (27. exf6 Bxf6 28. Bg5 $16) 1-0

[Event "Linares 08th"]
[Site "Linares"]
[Date "1990.??.??"]
[Round "5"]
[White "Gelfand, Boris"]
[Black "Gulko, Boris F"]
[Result "1-0"]
[WhiteElo "2615"]
[BlackElo "2610"]
[Annotator "Ftacnik,L"]
[PlyCount "63"]
[EventDate "1990.02.??"]
[EventType "tourn"]
[EventRounds "11"]
[EventCountry "ESP"]
[EventCategory "16"]
[SourceTitle "CBM 017"]
[Source "ChessBase"]
[SourceDate "1990.08.01"]
[SourceVersion "1"]
[SourceVersionDate "1990.08.01"]
[SourceQuality "1"]

1. d4 d5 2. c4 dxc4 3. Nf3 a6 4. e3 Nf6 5. Bxc4 e6 6. Qe2 b5 7. Bd3 c5 8. dxc5
Bxc5 9. a3 Nbd7 10. b4 Be7 11. e4 Bb7 12. Nbd2 Qc7 13. Bb2 Rc8 14. O-O O-O 15.
Nb3 e5 16. Rad1 Rfe8 17. Na5 Ba8 18. Bb1 Bf8 19. Rfe1 h6 $2 20. Nh4 g6 21. Ba2
$1 Bxe4 (21... Kg7 22. Qf3 Nc5 (22... Nb6 $5) 23. bxc5 Qxa5 24. Qg3 Qc7 (24...
Nh5 25. Nf5+ Kh7 26. Qf3) (24... Nxe4 25. Bxe5+ Kh7 26. Rxe4 Bxe4 27. Bxf7 $18)
25. Nf5+ Kh7 26. Nd6 Bxd6 27. cxd6 Qd7 28. Bxe5 Nxe4 29. Qf4 $16) 22. f3 Qb6+ (
22... Bc2 23. Rc1 g5 24. Bb3 gxh4 25. Rxc2 $16) (22... Bf5 $5 23. Nxf5 gxf5 24.
Qd3 Qc2) 23. Kh1 Bf5 24. Nxf5 gxf5 25. Qd3 e4 26. fxe4 Rxe4 (26... fxe4 27.
Qg3+ $18) 27. Qb3 $1 Rcc4 28. Nxc4 bxc4 29. Qg3+ Rg4 30. Qe3 Bc5 31. Qxh6 Rg6
32. Qh3 {Ftacnik,L} 1-0

[Event "New York CITS"]
[Site "New York"]
[Date "1996.??.??"]
[Round "2"]
[White "Sokolov, Ivan"]
[Black "Waitzkin, Joshua"]
[Result "1-0"]
[WhiteElo "2665"]
[BlackElo "2435"]
[Annotator "Ftacnik,L"]
[PlyCount "71"]
[EventDate "1996.03.??"]
[EventType "tourn"]
[EventRounds "11"]
[EventCountry "USA"]
[EventCategory "13"]
[SourceTitle "CBM 052"]
[Source "ChessBase"]
[SourceDate "1996.06.01"]
[SourceVersion "1"]
[SourceVersionDate "1996.06.01"]
[SourceQuality "1"]

1. d4 Nf6 2. Nf3 d5 3. c4 dxc4 4. e3 e6 5. Bxc4 c5 6. Qe2 a6 7. dxc5 Bxc5 8.
O-O Nbd7 9. e4 b5 10. Bd3 Bb7 11. a4 (11. Bg5 h6 12. Bh4 g5 13. Bg3 Nh5 14.
Nbd2 Nxg3 15. hxg3 g4 16. Nh4 Qg5 17. a4 Ne5 18. Nb3 Nxd3 19. Qxd3 Be7 {
1-0 Sokolov,I-Brunner,L/Garmisch rapid (05)/1994/ (33)}) (11. Nbd2 Qc7 (11...
Be7 12. Nb3 O-O 13. Bd2 b4 14. a3 a5 15. axb4 axb4 16. Bf4 Qb6 17. Nfd2 {
1/2-1/2 Lengyel,Le-Petrosian,T/Moscow/1971/}) (11... e5 12. a4 b4 13. Nb3 O-O
14. Nh4 Re8 15. Nf5 Bf8 16. Rd1 Re6 17. Bg5 h6 18. Be3 Rc8 19. Qf3 Kh7 20. Qh3
Qe8 21. Qh4 Ng8 {0-1 Niephaus,W-Ujtelky,M/EU-chT Oberhausen (07)/1961/ (41)})
12. a3 Ng4 13. b4 Bd6 14. h3 Nge5 15. Bb2 Rd8 16. Rac1 Qb8 17. Bb1 O-O 18. Nd4
Nb6 19. Ba2 Rc8 20. f4 Ng6 21. Rxc8 Rxc8 22. f5 exf5 23. Nxf5 Be5 24. Nf3 {
1-0 Chuchelov,V-Putzbach,G/OLNN 9192/1992/ (30)}) (11. Bf4 Nh5 12. Bg5 Qb8 13.
a4 h6 14. Be3 O-O 15. axb5 axb5 16. Nbd2 Nf4 17. Bxf4 Qxf4 18. Bxb5 Ne5 19.
Nxe5 Qxe5 20. Bd3 Rad8 21. Nf3 Qd6 22. Rfd1 {1-0 Vera,R-Garmendez,F/Linares NL/
1992/ (42)}) (11. e5 Bxf3 12. gxf3 Nh5 13. Be4 Rc8 14. Rd1 Bd4 15. Nc3 Bxe5 16.
f4 Nxf4 17. Qf3 Qc7 18. Bb7 Rd8 19. Bxa6 b4 20. Nb5 Qb8 21. Be3 Nd5 22. Ba7 Qa8
{1/2-1/2 De Firmian,N-Costa,J/Biel-JMT/1986/}) 11... bxa4 (11... b4 12. Nbd2
Be7 13. e5 Nd5 14. Ne4 Qb8 15. Ng3 h5 16. h4 Nc5 17. Ne4 Nxd3 18. Qxd3 Qc7 19.
Bg5 f6 20. Rfc1 Qd8 21. exf6 gxf6 22. Bd2 Nf4 23. Qe3 e5 24. Nc5 Rg8 25. Nxb7
Rxg2+ 26. Kf1 {1-0 Malich,B-Fischer,I/Leipzig/1977/ (32)}) (11... Ba7 12. b4
bxa4 13. Rxa4 O-O 14. Nbd2 Qc7 15. Bb2 Nh5 16. Rc1 Qb8 17. g3 f5 18. exf5 Bd5
19. Ne5 Nc5 20. Rxc5 Bxc5 21. Qxh5 Ra7 22. Ng4 {1-0 Tisdall,J-Rantanen,Y/
Osterskars op (03)/1995/}) 12. Nc3 (12. Rxa4 Bd6 13. Nbd2 Nc5 14. Ra3 Be7 15.
Bb1 a5 16. Rd1 Ba6 17. Nc4 Qc7 18. Qc2 Bb7 19. e5 Be4 20. Qe2 Bxb1 21. exf6
gxf6 22. Be3 Bg6 23. Rc3 Qb7 {1/2-1/2 Ruban,V-Yakovich,Y/Kursk/1987/ (42)})
12... Bd6 (12... a3 13. bxa3 O-O 14. Rb1 Bc6 15. Bf4 Qa5 16. Rfc1 e5 17. Bd2
Rfb8 18. Nd5 Qd8 19. Bb4 Bxd5 20. exd5 Bxb4 21. axb4 e4 22. Bxe4 Nxe4 23. Qxe4
Nf6 24. Qe5 {1/2-1/2 Bagaturov,G-Brunner,L/Biel izt (03)/1993/}) 13. Rxa4 Nc5
14. Rd4 Qb8 (14... Nxd3 $2 15. Qxd3 Ke7 16. e5) 15. Bc2 (15. e5 $2 Bxf3 16.
Qxf3 Bxe5 17. Qc6+ Nfd7 $19) 15... e5 (15... O-O 16. Rxd6 Qxd6 17. e5 Bxf3 18.
gxf3 $16) 16. Rdd1 O-O 17. Bg5 Be7 (17... a5 18. Bxf6 gxf6 19. Nh4 $16) 18. Nd5
Bxd5 (18... Nxd5 19. exd5 f6 (19... Bxg5 20. Nxg5 h6 21. b4 Nd7 22. Qd3 f5 23.
Ne6 $16) (19... Bd6 20. b4 Nd7 21. Bf5 $14) 20. b4 Nd7 (20... fxg5 21. bxc5
Bxc5 22. Nxg5 $16) 21. Qd3 $16) 19. exd5 e4 20. d6 Bd8 $2 {It is not easy to
explain this modesty, the passed pawn will decide the game.} (20... Bxd6 21.
Bxf6 gxf6 (21... exf3 22. Qxf3 Re8 23. Bd4 $14) 22. Nd4 (22. Bxe4 Re8 23. Nd2
f5 24. Qh5 Nxe4 25. Nxe4 Rxe4 $17) 22... Bxh2+ 23. Kh1 Bf4 24. Qg4+ Kh8 25. b4
$44) 21. Qc4 (21. Bxf6 Bxf6 (21... exf3 22. Qxf3 Bxf6 23. Qf5 g6 $8 24. Qxf6
$18) 22. Nd2 Qb4 23. Nxe4 Nxe4 24. Bxe4 $16) 21... exf3 (21... Qxb2 $2 22. Rb1
Qa3 23. Ra1 Qb2 24. Rfb1) 22. Qxc5 fxg2 23. Rfe1 Qc8 (23... Qxb2 $5 24. Rb1 (
24. Bxf6 Bxf6 25. d7) 24... Qa2 25. Bxf6 Bxf6 26. d7 (26. Qf5 g6 27. Qxf6 Qxc2)
26... Rad8 27. Re2 g6 28. Rb7 $16) 24. Qxc8 Rxc8 25. Ba4 $1 (25. Bf5 Rc5 26.
Bxf6 Bxf6 27. Bh3 $16) 25... h6 26. Bxf6 Bxf6 27. d7 Rcd8 28. Re8 g6 (28...
Bxb2 $2 29. Rxf8+ Kxf8 30. Re1 $18) 29. b3 Bg5 (29... Kg7 30. Kxg2 h5 31. Rde1
$18) 30. Rd6 a5 31. Rd5 f5 (31... Ra8 32. Rc5 Rd8 33. Rxa5 $18) 32. Kxg2 Kg7
33. Rxa5 Kf7 34. Rae5 Bf6 35. R5e6 g5 36. Bc6 (36. Bc6 Kg7 37. b4 Kf7 38. b5
$18) 1-0